| 000 | 00554nam a22001937a 4500 | ||
|---|---|---|---|
| 005 | 20240612123148.0 | ||
| 008 | 240612b |||||||| |||| 00| 0 eng d | ||
| 020 | _a0-07-034027-7 | ||
| 082 |
_a301 _bHEB-I |
||
| 100 | _aHebding; Daniel.E | ||
| 245 |
_aIntroduction to Sociology/ _bA Text with Readings/ _cDaniel E.Hebding |
||
| 250 | _a5th ed. | ||
| 260 |
_aUSA; _bMcGraw-Hill, Inc; _c1996. |
||
| 300 |
_axiii, 562 p.: _bill; _c23.4 cm. |
||
| 500 | _aInclude Index. | ||
| 650 | _aSocial Sciences/Sociology | ||
| 700 | _aLeonard Glick | ||
| 999 |
_c35902 _d35902 |
||